ふれあいひろばでつれあるき可能なポケモン - Statistics

General Stats
  • This quiz has been taken 17 times
  • The average score is 17 of 28
Answer Stats
Answer % Correct
ピカチュウ
100%
ヒコザル
87%
ナエトル
80%
ポッチャマ
80%
イーブイ
80%
ハヤシガメ
73%
ドダイトス
73%
モウカザル
73%
ゴウカザル
73%
ポッタイシ
73%
エンペルト
73%
フワンテ
67%
ピッピ
60%
シャワーズ
60%
サンダース
60%
ブースター
60%
ブラッキー
60%
エーフィ
60%
パチリス
53%
ピンプク
53%
プリン
53%
リーフィア
53%
グレイシア
53%
ミミロル
47%
コダック
40%
エネコ
27%
アチャモ
20%
キノココ
13%
No matching quizzes found
Score Distribution
Percent of People with Each Score
Percentile by Number Answered
Your Score History
You have not taken this quiz